000
00179 a2200097 4500
020
_a
9780755328901
041
_a
eng
100
_a
Penny, louise
245
_a
Still life
942
_c
BK
999
_c
8044
_d
8044